Rhymes With Own Quiz Stats

Quiz Updated Nov 6, 2014

Also try: Rhymes with Truck
Challenge
Share
Tweet
Embed
Score 0/31 Timer 05:00
3 Plays Today
% Correct
moan
93.2%
bone
92.2%
tone
90%
cone
89.6%
hone
88.2%
loan
86%
phone
84.3%
lone
78.3%
drone
75.4%
stone
75.3%
blown
72%
clone
71.5%
zone
70.5%
crone
70.2%
grown
66.2%
pone
66%
% Correct
flown
65.9%
roan
64.8%
prone
63.1%
known
57.3%
shown
57.3%
shone
53.2%
sewn
52.4%
groan
51.5%
scone
50.8%
sown
45.6%
mown
41.7%
none
38.6%
thrown
37.2%
throne
36.1%
sone
36.1%

You're not logged in!

Compare scores with friends on all Sporcle quizzes.
Join for Free
OR
Log In

You Might Also Like...

Show Comments

Extras

Top Quizzes Today


Score Distribution

Your Account Isn't Verified!

In order to create a playlist on Sporcle, you need to verify the email address you used during registration. Go to your Sporcle Settings to finish the process.

Report this User

Report this user for behavior that violates our Community Guidelines.

Details: